000 00494nam a22001817a 4500
003 CEME
005 20210628205823.0
008 210317b xxu||||| |||| 00| 0 eng d
020 _a0-440-21557-9
040 _c.
082 _a004.03 TWE
100 _aMcclain, Gary
_977135
245 _a21st century dictionay of computer terms
260 _aNEWYORK
_bDELL PUBLISHING
_c1994
300 _a405P
650 _aDICTIONAY OF COMPUTER TERMS COMPUTER TERMS DICTIONAY
_977136
942 _cBK
_2ddc
999 _c582462
_d582462